000 00550nam a2200193Ia 4500
005 20260601193250.0
008 260601s9999||||xx |||||||||||||| ||und||
020 _a978-981-97-3573-0
_qebk
100 _aJingao Xu
245 0 _aEdge Assisted Mobile Visual SLAM
250 _a2024
260 _aHeidelberg, Germany
_bSpringer Nature
_c2024
650 _aComputer Science
700 _aHao Cao
700 _aYunhao Liu
700 _aZheng Yang
856 _uhttps://link.springer.com/openurl?genre=book&isbn=978-981-97-3573-0
942 _cEB
_2ddc
999 _c56706
_d56706